[Event "Aeroflot Open 2011 B"]
[Site "Moscu RUS"]
[Date "2011.02.12"]
[Round "5.16"]
[White "Bogdanovich, Stanislav"]
[Black "Feuerstack, Aljoscha"]
[Result "1/2-1/2"]
[WhiteElo "2484"]
[BlackElo "2404"]
[PlyCount "39"]
[EventDate "2011.02.08"]
[EventType "swiss"]
[EventRounds "9"]
[EventCountry "RUS"]
[Source "lmi"]
[SourceDate "2011.02.08"]

1. e4 c6 2. d4 d5 3. e5 Bf5 4. Nf3 e6 5. Be2 c5 6. Be3 cxd4 7. Nxd4 Ne7 8. Nc3
Nbc6 9. Ncb5 Nxe5 10. g4 Be4 11. f3 a6 12. fxe4 axb5 13. Nxb5 Ra5 14. O-O N7c6
15. c3 Nxg4 16. Bxg4 Rxb5 17. Qe2 Qh4 18. Bf2 Bc5 19. Bxe6 fxe6 20. Qxb5
1/2-1/2

[Event "Aeroflot Open 2011 B"]
[Site "Moscu RUS"]
[Date "2011.02.12"]
[Round "5.17"]
[White "Reshetnikov, Alexey"]
[Black "Antipov, Mikhail Al"]
[Result "1-0"]
[WhiteElo "2478"]
[BlackElo "2358"]
[PlyCount "117"]
[EventDate "2011.02.08"]
[EventType "swiss"]
[EventRounds "9"]
[EventCountry "RUS"]
[Source "lmi"]
[SourceDate "2011.02.08"]

1. e4 c5 2. Nf3 d6 3. d4 cxd4 4. Nxd4 Nf6 5. Nc3 a6 6. Be2 e5 7. Nb3 Be7 8. O-O
O-O 9. Re1 Be6 10. Bf3 Nbd7 11. a4 Rc8 12. Nd2 Qa5 13. Nf1 b5 14. Bd2 b4 15.
Na2 Rb8 16. c3 b3 17. Nb4 Rfc8 18. Be3 Nc5 19. Bxc5 Rxc5 20. Ne3 Nd7 21. Ned5
Bxd5 22. Nxd5 Rxd5 23. Qxd5 Qxd5 24. exd5 Nc5 25. Be2 a5 26. Bb5 Bg5 27. g3 g6
28. h4 Bf6 29. Kg2 Kg7 30. Re2 Rb7 31. Rh1 h6 32. f4 Re7 33. Kf3 Nb7 34. g4
exf4 35. Kxf4 Nc5 36. h5 Bg5+ 37. Kf3 Ra7 38. Re8 Kh7 39. Rhe1 Kg7 40. Rc8 Be7
41. Re2 Kh7 42. Rc6 Kg7 43. hxg6 fxg6 44. Rxe7+ Rxe7 45. Rxd6 Re5 46. Rd8 Kf6
47. d6 Rd5 48. Rc8 h5 49. g5+ Kxg5 50. c4 Rd3+ 51. Ke2 Rxd6 52. Rxc5+ Kf4 53.
Rc6 Rxc6 54. Bxc6 Ke5 55. Be8 Kd4 56. Bxg6 h4 57. Bf7 Kc5 58. Kd3 Kb4 59. Be6
1-0

[Event "Aeroflot Open 2011 B"]
[Site "Moscu RUS"]
[Date "2011.02.12"]
[Round "5.18"]
[White "Karpatchev, Aleksandr"]
[Black "Kochetkova, Julia"]
[Result "1/2-1/2"]
[WhiteElo "2474"]
[BlackElo "2311"]
[PlyCount "130"]
[EventDate "2011.02.08"]
[EventType "swiss"]
[EventRounds "9"]
[EventCountry "RUS"]
[Source "lmi"]
[SourceDate "2011.02.08"]

1. e4 d6 2. d4 Nf6 3. Nc3 e5 4. Nf3 Nbd7 5. Bc4 Be7 6. O-O O-O 7. Re1 a6 8. a4
b6 9. Ba2 Bb7 10. Qd3 h6 11. h3 exd4 12. Nxd4 Ne5 13. Qe2 Kh8 14. Bf4 Ng6 15.
Bg3 Qd7 16. Rad1 Rae8 17. Qf3 Bd8 18. Nf5 Nh7 19. Qg4 Nf6 20. Qf3 Nh7 21. Bxd6
cxd6 22. Nxd6 Ng5 23. Qf5 Qe7 24. Nxe8 Qxe8 25. Bd5 Ne7 26. Qe5 Bc8 27. Bb3 Ne6
28. Nd5 Nc6 29. Qd6 b5 30. axb5 axb5 31. Re3 Bb7 32. Red3 Na5 33. Ba2 Kg8 34.
Qb8 Nc5 35. Re3 Nc4 36. Bxc4 bxc4 37. Qd6 Ne6 38. Qb4 Qc6 39. Rc3 Ba6 40. b3
Ng5 41. e5 Re8 42. bxc4 Ne4 43. Re3 Bxc4 44. Nc3 Nxf2 45. Rd6 Qc8 46. Kxf2 Qf5+
47. Kg1 Qf1+ 48. Kh2 Qf4+ 49. Rg3 Bh4 50. Rdd3 Bxg3+ 51. Rxg3 h5 52. Nd5 Qxe5
53. Qxc4 h4 54. Qxh4 Qxd5 55. c4 Qe5 56. Qg5 Qd4 57. Rg4 Qc3 58. Qh5 g6 59. Qd5
Qf6 60. Qg5 Qa1 61. Qd5 Qf6 62. c5 Re1 63. c6 Re5 64. Qd7 Rc5 65. Qe8+ Kg7
1/2-1/2

[Event "Aeroflot Open 2011 B"]
[Site "Moscu RUS"]
[Date "2011.02.12"]
[Round "5.19"]
[White "Nakhapetiane, Pogos"]
[Black "Matinian, Nikita"]
[Result "1-0"]
[WhiteElo "2469"]
[BlackElo "2339"]
[PlyCount "73"]
[EventDate "2011.02.08"]
[EventType "swiss"]
[EventRounds "9"]
[EventCountry "RUS"]
[Source "lmi"]
[SourceDate "2011.02.08"]

1. e4 c5 2. Nf3 d6 3. d4 cxd4 4. Nxd4 Nf6 5. Nc3 g6 6. Be3 Bg7 7. f3 a6 8. Qd2
Nbd7 9. a4 O-O 10. Be2 Ne5 11. Nd5 Nfd7 12. O-O Nc6 13. Rfd1 Rb8 14. a5 Nde5
15. c4 f5 16. f4 Ng4 17. Bxg4 fxg4 18. g3 Bd7 19. Ra3 Nxd4 20. Bxd4 Bc6 21.
Bxg7 Kxg7 22. Qd4+ Kg8 23. Rad3 Rf7 24. b4 Bxd5 25. Qxd5 Qc7 26. c5 dxc5 27.
Rc1 Qd6 28. Qb3 Qc6 29. Rxc5 Qxe4 30. Re5 Qc6 31. Rxe7 Rbf8 32. Rdd7 Qc1+ 33.
Kf2 Qh1 34. Rxf7 Qxh2+ 35. Ke1 Qg1+ 36. Kd2 Qf2+ 37. Kc1 1-0

[Event "Aeroflot Open 2011 B"]
[Site "Moscu RUS"]
[Date "2011.02.12"]
[Round "5.20"]
[White "Kurukin, Dmitry"]
[Black "Kunin, Vitaly"]
[Result "0-1"]
[WhiteElo "2313"]
[BlackElo "2548"]
[PlyCount "52"]
[EventDate "2011.02.08"]
[EventType "swiss"]
[EventRounds "9"]
[EventCountry "RUS"]
[Source "lmi"]
[SourceDate "2011.02.08"]

1. d4 Nf6 2. c4 c5 3. d5 b5 4. Nd2 bxc4 5. e4 d6 6. Bxc4 g6 7. b3 Bg7 8. Bb2
O-O 9. Ngf3 a5 10. a4 Bg4 11. Qe2 Nh5 12. Bxg7 Nf4 13. Qd1 Nxg2+ 14. Kf1 Bh3
15. Kg1 Kxg7 16. Qc1 e5 17. dxe6 Qf6 18. e5 dxe5 19. Qc3 Nf4 20. Ne4 Qxe6 21.
Ng3 Qf6 22. Ne4 Qe7 23. Neg5 Nc6 24. Re1 Nd4 25. Nxh3 Nxh3+ 26. Kf1 Qb7 0-1

[Event "Aeroflot Open 2011 B"]
[Site "Moscu RUS"]
[Date "2011.02.12"]
[Round "5.21"]
[White "Shaposhnikov, Evgeny"]
[Black "Predke, Alexandr"]
[Result "1/2-1/2"]
[WhiteElo "2549"]
[BlackElo "2415"]
[PlyCount "37"]
[EventDate "2011.02.08"]
[EventType "swiss"]
[EventRounds "9"]
[EventCountry "RUS"]
[Source "lmi"]
[SourceDate "2011.02.08"]

1. e4 e5 2. Nf3 Nc6 3. Bc4 Bc5 4. c3 Nf6 5. d3 O-O 6. Bg5 h6 7. Bh4 Be7 8. Nbd2
d6 9. Nf1 Nh5 10. Bxe7 Qxe7 11. Ne3 Be6 12. Bb5 Nf6 13. O-O Ng4 14. Nd5 Bxd5
15. exd5 Nd8 16. Re1 f5 17. h3 Nf6 18. Nh4 Qf7 19. Bc4 1/2-1/2

[Event "Aeroflot Open 2011 B"]
[Site "Moscu RUS"]
[Date "2011.02.12"]
[Round "5.22"]
[White "Sieciechowicz, Marcin"]
[Black "Gabrielian, Artur"]
[Result "0-1"]
[WhiteElo "2441"]
[BlackElo "2543"]
[PlyCount "106"]
[EventDate "2011.02.08"]
[EventType "swiss"]
[EventRounds "9"]
[EventCountry "RUS"]
[Source "lmi"]
[SourceDate "2011.02.08"]

1. d4 Nf6 2. c4 g6 3. Nc3 d5 4. cxd5 Nxd5 5. e4 Nxc3 6. bxc3 Bg7 7. Bg5 c5 8.
Rc1 Qa5 9. Qd2 O-O 10. Nf3 Bg4 11. Bxe7 Re8 12. Bxc5 Rxe4+ 13. Be2 Na6 14. Bb4
Qh5 15. O-O Rae8 16. Rce1 Bh6 17. Qd3 Nxb4 18. cxb4 Qf5 19. Qd1 Qe6 20. d5 Qd6
21. h3 Bd7 22. a3 a5 23. Bd3 Rxe1 24. Rxe1 Qxd5 25. Rxe8+ Bxe8 26. Qe2 Bc6 27.
Bc4 Qf5 28. Ne5 axb4 29. Nxf7 Qb1+ 30. Qf1 Qxf1+ 31. Kxf1 bxa3 32. Ne5+ Kg7 33.
Nxc6 bxc6 34. Ke2 Kf6 35. Kd3 Ke5 36. Ba2 Bf8 37. Bb3 Kf4 38. Kc4 Be7 39. Kd3
Bc5 40. Ke2 Ke4 41. f3+ Kd4 42. Kd2 Bb4+ 43. Kc2 g5 44. g3 c5 45. Bg8 h6 46. h4
gxh4 47. gxh4 c4 48. f4 Bd6 49. f5 a2 50. Kb2 c3+ 51. Kxa2 c2 52. Kb2 Kd3 53.
f6 Kd2 0-1

[Event "Aeroflot Open 2011 B"]
[Site "Moscu RUS"]
[Date "2011.02.12"]
[Round "5.23"]
[White "Pridorozhni, Aleksei"]
[Black "Poetsch, Hagen"]
[Result "1-0"]
[WhiteElo "2543"]
[BlackElo "2408"]
[PlyCount "101"]
[EventDate "2011.02.08"]
[EventType "swiss"]
[EventRounds "9"]
[EventCountry "RUS"]
[Source "lmi"]
[SourceDate "2011.02.08"]

1. e4 e6 2. d4 d5 3. e5 c5 4. c3 Qb6 5. Nf3 Nc6 6. Be2 cxd4 7. cxd4 Nh6 8. Bd3
Bd7 9. Bc2 Nb4 10. Bxh6 gxh6 11. O-O Rc8 12. Nc3 Nxc2 13. Qxc2 Bg7 14. Qd2 O-O
15. Rfe1 Rc4 16. b3 Rc7 17. Ne2 Rfc8 18. Ng3 Rc2 19. Qf4 Qd8 20. Nh5 Bb5 21. h4
Be2 22. Nf6+ Kh8 23. Nd2 Bd3 24. Nf1 Bxf1 25. Rxf1 Bxf6 26. exf6 Qg8 27. Rac1
Qg6 28. h5 Qe4 29. Rxc2 Qxc2 30. g3 Qxa2 31. Rc1 Rg8 32. Qe3 Qa5 33. Qxh6 Qb4
34. Qe3 Qb6 35. Kg2 a5 36. Rc5 Qd8 37. Qf4 b6 38. Rc7 Qb8 39. Qc1 Qf8 40. Rb7
e5 41. dxe5 Qb4 42. Qe3 d4 43. Qf3 Qb5 44. e6 d3 45. exf7 Rf8 46. Re7 d2 47.
Re8 Rxe8 48. fxe8=R+ Qxe8 49. f7 Qxf7 50. Qxf7 d1=Q 51. Qf8# 1-0

[Event "Aeroflot Open 2011 B"]
[Site "Moscu RUS"]
[Date "2011.02.12"]
[Round "5.24"]
[White "Panarin, Mikhail"]
[Black "Abbasifar, Hasan"]
[Result "1-0"]
[WhiteElo "2533"]
[BlackElo "2411"]
[PlyCount "99"]
[EventDate "2011.02.08"]
[EventType "swiss"]
[EventRounds "9"]
[EventCountry "RUS"]
[Source "lmi"]
[SourceDate "2011.02.08"]

1. e4 e5 2. Nf3 Nc6 3. d4 exd4 4. Nxd4 Nf6 5. Nxc6 bxc6 6. e5 Qe7 7. Qe2 Nd5 8.
c4 Ba6 9. Nd2 O-O-O 10. b3 f6 11. Qe4 Nb4 12. Bb2 Bb7 13. exf6 Qf7 14. Kd1 c5
15. Qf5 Be7 16. a3 Na6 17. Bd3 Bxf6 18. f3 Rdf8 19. Bxf6 g6 20. Qg5 Qxf6 21.
Qxf6 Rxf6 22. Kc2 Re8 23. Rae1 Kd8 24. h4 h6 25. g4 Rfe6 26. Rxe6 Rxe6 27. Ne4
Bxe4 28. Bxe4 c6 29. g5 h5 30. Bd3 Nc7 31. b4 Ke7 32. f4 cxb4 33. axb4 Na6 34.
Kc3 c5 35. bxc5 Nxc5 36. f5 gxf5 37. Bxf5 Rb6 38. Re1+ Kf7 39. Kd4 Nb7 40. Be4
Rd6+ 41. Bd5+ Kg6 42. c5 Nxc5 43. Kxc5 Ra6 44. Be4+ Kg7 45. Rd1 Ra5+ 46. Kb4
Re5 47. Rxd7+ Kg8 48. Bd5+ Kf8 49. g6 Ke8 50. g7 1-0

[Event "Aeroflot Open 2011 B"]
[Site "Moscu RUS"]
[Date "2011.02.12"]
[Round "5.25"]
[White "Batchuluun, Tsegmed"]
[Black "Ovetchkin, Roman"]
[Result "1-0"]
[WhiteElo "2424"]
[BlackElo "2498"]
[PlyCount "99"]
[EventDate "2011.02.08"]
[EventType "swiss"]
[EventRounds "9"]
[EventCountry "RUS"]
[Source "lmi"]
[SourceDate "2011.02.08"]

1. d4 Nf6 2. c4 e6 3. g3 c5 4. d5 exd5 5. cxd5 b5 6. Bg2 d6 7. Nf3 Nbd7 8. O-O
Be7 9. Re1 O-O 10. e4 Re8 11. a4 b4 12. b3 Ng4 13. Bb2 Bf6 14. Bxf6 Qxf6 15.
Nbd2 Ba6 16. Bf1 Bxf1 17. Rxf1 Nge5 18. Nxe5 Nxe5 19. Qe2 Qg6 20. Rae1 f5 21.
Kg2 Re7 22. exf5 Qxf5 23. Nc4 Ng6 24. Qf3 Qg5 25. Kh1 Rae8 26. Nxd6 Rxe1 27.
Qf7+ Kh8 28. Qxe8+ Rxe8 29. Nf7+ Kg8 30. Nxg5 Re5 31. Ne6 Rxd5 32. Rc1 Rd2 33.
Kg1 Re2 34. Nxc5 Ne5 35. Kf1 Rb2 36. h3 Kf7 37. Re1 Nc6 38. Re2 Rb1+ 39. Re1
Rb2 40. Re4 a5 41. Rc4 Ne7 42. Kg2 Nd5 43. Rd4 Nf6 44. Rd3 Rc2 45. Nb7 Ne4 46.
Rf3+ Ke6 47. Nxa5 Nd6 48. Re3+ Kd7 49. Rd3 Kc7 50. Rd4 1-0

[Event "Aeroflot Open 2011 B"]
[Site "Moscu RUS"]
[Date "2011.02.12"]
[Round "5.26"]
[White "Bajarani, Ulvi"]
[Black "Xu, Jun"]
[Result "0-1"]
[WhiteElo "2393"]
[BlackElo "2494"]
[PlyCount "184"]
[EventDate "2011.02.08"]
[EventType "swiss"]
[EventRounds "9"]
[EventCountry "RUS"]
[Source "lmi"]
[SourceDate "2011.02.08"]

1. e4 c5 2. Nf3 d6 3. d4 cxd4 4. Nxd4 Nf6 5. Nc3 a6 6. h3 g6 7. g4 Nc6 8. Be3
Bg7 9. Qd2 O-O 10. O-O-O Bd7 11. Be2 Nxd4 12. Bxd4 Bc6 13. f3 b5 14. Kb1 b4 15.
Nd5 Bxd5 16. exd5 Qa5 17. g5 Nh5 18. Bxg7 Nxg7 19. h4 Qc5 20. f4 Nf5 21. h5 Ng3
22. Rh2 Ne4 23. Qc1 Ng3 24. hxg6 fxg6 25. Bg4 Kg7 26. Be6 Qc4 27. Rg1 Nh5 28.
f5 Qf4 29. Rgh1 Qxc1+ 30. Kxc1 a5 31. Rh4 Ra7 32. R1h3 Rc7 33. a3 Rb7 34. a4
Rc7 35. Kb1 Rc5 36. Rh2 Rb8 37. Ka2 Rxc2 38. Rxc2 b3+ 39. Kb1 bxc2+ 40. Kxc2
Ng3 41. fxg6 Kxg6 42. b4 axb4 43. Kb3 Nf1 44. Rd4 Kxg5 45. a5 Ne3 46. Rxb4 Ra8
47. Ka4 Kf6 48. Re4 Nd1 49. Rd4 Ne3 50. Re4 Nd1 51. Kb3 Rxa5 52. Kc2 Nf2 53.
Rf4+ Ke5 54. Rf7 Ra7 55. Rxh7 Ne4 56. Rh5+ Kd4 57. Rh4 Rc7+ 58. Kb2 Ke3 59.
Rh3+ Kf2 60. Rh2+ Kg3 61. Rh7 Nf6 62. Rg7+ Kf3 63. Rg1 Ke3 64. Kb3 Kd2 65. Kb4
Kd3 66. Rd1+ Ke2 67. Rg1 Kd2 68. Rg2+ Kd3 69. Rg1 Rb7+ 70. Ka5 Kd4 71. Rd1+ Ke5
72. Bf7 Ne4 73. Re1 Kd4 74. Rd1+ Kc3 75. Rc1+ Kd4 76. Rd1+ Ke5 77. Re1 Kf6 78.
Rf1+ Kg7 79. Be8 Nc5 80. Rf7+ Kg8 81. Rf1 Rb2 82. Bf7+ Kg7 83. Be8 Rb8 84. Bc6
Kg6 85. Rf2 Nd3 86. Re2 Ne5 87. Ka6 Rb4 88. Bb7 Kf7 89. Ka7 Ke8 90. Kb8 Kd8 91.
Ka7 Rb1 92. Rc2 Ra1+ 0-1

[Event "Aeroflot Open 2011 B"]
[Site "Moscu RUS"]
[Date "2011.02.12"]
[Round "5.27"]
[White "Romanko, Marina"]
[Black "Korobkov, Piotr"]
[Result "1-0"]
[WhiteElo "2404"]
[BlackElo "2492"]
[PlyCount "105"]
[EventDate "2011.02.08"]
[EventType "swiss"]
[EventRounds "9"]
[EventCountry "RUS"]
[Source "lmi"]
[SourceDate "2011.02.08"]

1. d4 Nf6 2. c4 e6 3. Nc3 Bb4 4. Qc2 O-O 5. a3 Bxc3+ 6. Qxc3 d6 7. f3 c5 8.
dxc5 dxc5 9. Bf4 Qe7 10. Rd1 Rd8 11. Rxd8+ Qxd8 12. Qd2 Qe8 13. Be5 Nc6 14.
Bxf6 gxf6 15. Nh3 Qf8 16. Nf4 Qh6 17. e3 e5 18. Nd5 Be6 19. Be2 Rd8 20. O-O
Bxd5 21. cxd5 Nd4 22. Bc4 Nf5 23. f4 Nd6 24. Ba2 b6 25. Bb1 e4 26. Rc1 f5 27.
Ba2 Qf6 28. b4 Rc8 29. bxc5 Rxc5 30. h3 h6 31. Kh2 Kh7 32. Rxc5 bxc5 33. Qc1
Nb7 34. d6 Qxd6 35. Bxf7 Qc7 36. Be6 Nd6 37. Qc3 c4 38. Qe5 Qc6 39. Qf6 Qc7 40.
Qf8 Kg6 41. g4 fxg4 42. hxg4 c3 43. Bb3 Nf7 44. Qe8 Kg7 45. Qxe4 Qd7 46. Kg3
Qd2 47. Kf3 Qc1 48. Qc2 Qe1 49. Qd1 Qh4 50. Qd4+ Kf8 51. Qc5+ Ke8 52. Ba4+ Kd8
53. Qf8+ 1-0

[Event "Aeroflot Open 2011 B"]
[Site "Moscu RUS"]
[Date "2011.02.12"]
[Round "5.28"]
[White "Arslanov, Shamil"]
[Black "Krapivin, Alexander"]
[Result "1/2-1/2"]
[WhiteElo "2368"]
[BlackElo "2476"]
[PlyCount "98"]
[EventDate "2011.02.08"]
[EventType "swiss"]
[EventRounds "9"]
[EventCountry "RUS"]
[Source "lmi"]
[SourceDate "2011.02.08"]

1. e4 c5 2. Nf3 e6 3. d4 cxd4 4. Nxd4 Nf6 5. Nc3 Nc6 6. Ndb5 d6 7. Bf4 e5 8.
Bg5 a6 9. Na3 b5 10. Nd5 Be7 11. Bxf6 Bxf6 12. c3 O-O 13. Nc2 Bg5 14. a4 bxa4
15. Rxa4 a5 16. Bc4 Bd7 17. Nce3 Qb8 18. b3 Bxe3 19. Nxe3 Ne7 20. Ra2 Bc6 21.
Qd3 Qb7 22. O-O Rfd8 23. Nd5 Nxd5 24. exd5 Bd7 25. Rfa1 Qc7 26. Ba6 Rdb8 27.
Qc4 Qb6 28. Rxa5 Qxb3 29. Qxb3 Rxb3 30. f4 f6 31. fxe5 fxe5 32. c4 Kf8 33. c5
dxc5 34. d6 Rb6 35. Rf1+ Ke8 36. Rxc5 Rxd6 37. Bc4 Ra4 38. Rxe5+ Kd8 39. Rf8+
Kc7 40. Be2 Re6 41. Rxe6 Bxe6 42. Rh8 Rh4 43. g3 Rh6 44. Bd3 Kd6 45. Rxh7 Rxh7
46. Bxh7 g5 47. Kf2 Ke5 48. Ke3 Kf6 49. Kd4 g4 1/2-1/2

[Event "Aeroflot Open 2011 B"]
[Site "Moscu RUS"]
[Date "2011.02.12"]
[Round "5.29"]
[White "Zilberman, Yaacov"]
[Black "Oparin, Grigoriy"]
[Result "1/2-1/2"]
[WhiteElo "2468"]
[BlackElo "2328"]
[PlyCount "197"]
[EventDate "2011.02.08"]
[EventType "swiss"]
[EventRounds "9"]
[EventCountry "RUS"]
[Source "lmi"]
[SourceDate "2011.02.08"]

1. d4 d5 2. c4 e6 3. Nc3 Be7 4. Bf4 Nf6 5. e3 O-O 6. Rc1 c6 7. Nf3 Nbd7 8. Bd3
dxc4 9. Bxc4 Nb6 10. Bd3 Nbd5 11. Bg3 Nxc3 12. bxc3 b6 13. O-O Bb7 14. Re1 c5
15. Bh4 Rc8 16. e4 h6 17. h3 Nh5 18. Bxe7 Qxe7 19. d5 c4 20. Bxc4 Rxc4 21. Nd2
Rc5 22. Qxh5 Rfc8 23. Qf3 exd5 24. exd5 Qd7 25. Re5 Rxd5 26. Rxd5 Bxd5 27. Qd3
Qc6 28. f3 Bxa2 29. Qa6 Be6 30. Qxa7 Qc5+ 31. Kh1 Qe3 32. Rc2 Bf5 33. Ne4 Bxe4
34. fxe4 Qxe4 35. Rc1 Qe6 36. Qb7 Rc5 37. Qa8+ Kh7 38. Qf3 Rf5 39. Qd3 g6 40.
Rb1 Qf6 41. Qe3 Rf1+ 42. Rxf1 Qxf1+ 43. Kh2 Qf6 44. c4 Qd6+ 45. Kh1 h5 46. Qe4
Kg7 47. Qe3 Qc5 48. Qe4 g5 49. Qe2 h4 50. Qe4 Qf2 51. Qe5+ Qf6 52. Qd5 Qf4 53.
Qb5 Qc1+ 54. Kh2 Qe3 55. Qd5 Kg6 56. Qd6+ f6 57. Qc6 Qd4 58. Qc8 Kf7 59. Qa6
Ke6 60. Qa2 Ke5 61. Kh1 Qd1+ 62. Kh2 Qd6 63. Qb3 Ke4+ 64. Kh1 Kd4 65. Qb5 Kc3
66. Qd5 Qe5 67. Qc6 Qd4 68. Qb5 Qc5 69. Qa6 Kb4 70. Kh2 f5 71. Qa2 Qxc4 72.
Qd2+ Ka4 73. Qxg5 Qe4 74. g3 hxg3+ 75. Kxg3 b5 76. Qd2 b4 77. Qa2+ Kb5 78. Qb3
Qc4 79. Qb1 f4+ 80. Kg4 b3 81. h4 Kb4 82. h5 Qe2+ 83. Kxf4 Qxh5 84. Qe1+ Kb5
85. Qf1+ Kb6 86. Qd3 Qh6+ 87. Ke4 Qc6+ 88. Ke3 Qc1+ 89. Ke2 b2 90. Qb3+ Kc5 91.
Qa3+ Kc4 92. Qa4+ Kc3 93. Qa3+ Kd4 94. Qd3+ Ke5 95. Qb5+ Kf4 96. Qb8+ Kg4 97.
Qg8+ Qg5 98. Qb8 Kh3 99. Qh8+ 1/2-1/2

[Event "Aeroflot Open 2011 B"]
[Site "Moscu RUS"]
[Date "2011.02.12"]
[Round "5.30"]
[White "Yuferev, Oleg"]
[Black "Stukopin, Andrey"]
[Result "0-1"]
[WhiteElo "2367"]
[BlackElo "2462"]
[PlyCount "58"]
[EventDate "2011.02.08"]
[EventType "swiss"]
[EventRounds "9"]
[EventCountry "RUS"]
[Source "lmi"]
[SourceDate "2011.02.08"]

1. Nf3 c5 2. c4 g6 3. e4 Bg7 4. d4 d6 5. Be2 Bg4 6. d5 e6 7. dxe6 Bxe6 8. Nc3
Bxc3+ 9. bxc3 Nc6 10. Bf4 Qa5 11. O-O O-O-O 12. Qc2 f6 13. Nd2 Nge7 14. Bg3
Rhf8 15. f4 f5 16. Bh4 Rd7 17. Bd3 Qa6 18. exf5 Bxf5 19. Bxf5 Nxf5 20. Bf2 d5
21. Bxc5 Rfd8 22. cxd5 Rxd5 23. Ne4 Qc4 24. Bf2 Ncd4 25. Bxd4 Nxd4 26. Qf2 Ne2+
27. Kh1 Qxe4 28. Rae1 Rd2 29. Qxa7 Ng3+ 0-1

[Event "Aeroflot Open 2011 B"]
[Site "Moscu RUS"]
[Date "2011.02.12"]
[Round "5.31"]
[White "Bitoon, Richard"]
[Black "Bajt, Indira"]
[Result "1-0"]
[WhiteElo "2461"]
[BlackElo "2215"]
[PlyCount "77"]
[EventDate "2011.02.08"]
[EventType "swiss"]
[EventRounds "9"]
[EventCountry "RUS"]
[Source "lmi"]
[SourceDate "2011.02.08"]

1. e4 c5 2. Nf3 e6 3. d4 cxd4 4. Nxd4 a6 5. Bd3 g6 6. O-O Bg7 7. c3 Ne7 8. Re1
Nbc6 9. Nxc6 Nxc6 10. Bf4 d6 11. Nd2 Ne5 12. Nc4 b5 13. Nxe5 dxe5 14. Be3 O-O
15. a4 Rb8 16. axb5 axb5 17. Qe2 Bd7 18. Bc5 Re8 19. Bd6 Rb7 20. Red1 Qb6 21.
Bc2 f5 22. Bb3 Bc6 23. exf5 gxf5 24. Bxe5 Be4 25. Bd4 Bxd4 26. Rxd4 Rg7 27. f3
Bb7 28. Kh1 Qc5 29. Rad1 Kh8 30. Rd8 Rgg8 31. Rxe8 Rxe8 32. Qd2 Bd5 33. Bxd5
exd5 34. h3 f4 35. Qxf4 Re2 36. Qf6+ Kg8 37. Rd4 Re1+ 38. Kh2 Qc7+ 39. Qf4 1-0

[Event "Aeroflot Open 2011 B"]
[Site "Moscu RUS"]
[Date "2011.02.12"]
[Round "5.32"]
[White "Korchmar, Vasiliy"]
[Black "Delemarre, Jop"]
[Result "1/2-1/2"]
[WhiteElo "2216"]
[BlackElo "2455"]
[PlyCount "36"]
[EventDate "2011.02.08"]
[EventType "swiss"]
[EventRounds "9"]
[EventCountry "RUS"]
[Source "lmi"]
[SourceDate "2011.02.08"]

1. e4 e6 2. Nf3 d5 3. e5 c5 4. b4 cxb4 5. a3 Nh6 6. axb4 Bxb4 7. c3 Be7 8. d4
Nc6 9. Bd3 f5 10. Bxh6 gxh6 11. Qd2 Bf8 12. O-O Bd7 13. Be2 Bg7 14. c4 Ne7 15.
Na3 a6 16. Rfb1 Bc6 17. c5 O-O 18. Nc2 Ng6 1/2-1/2

[Event "Aeroflot Open 2011 B"]
[Site "Moscu RUS"]
[Date "2011.02.12"]
[Round "5.33"]
[White "Sharavdorj, Dashzegve"]
[Black "Tarasova, Viktoriya"]
[Result "1/2-1/2"]
[WhiteElo "2452"]
[BlackElo "2289"]
[PlyCount "119"]
[EventDate "2011.02.08"]
[EventType "swiss"]
[EventRounds "9"]
[EventCountry "RUS"]
[Source "lmi"]
[SourceDate "2011.02.08"]

1. d4 d5 2. c4 c6 3. Nf3 Nf6 4. Nc3 dxc4 5. a4 Bf5 6. Ne5 Nbd7 7. Nxc4 Qc7 8.
g3 e5 9. dxe5 Nxe5 10. Bf4 Nfd7 11. Bg2 g5 12. Ne3 gxf4 13. Nxf5 O-O-O 14. Qc2
Nc5 15. O-O fxg3 16. hxg3 a5 17. Rad1 h5 18. Bh3 Kb8 19. Rxd8+ Qxd8 20. Rd1 Qf6
21. Qd2 Be7 22. Qe3 Ng6 23. Kg2 h4 24. Nxe7 Qxe7 25. Qxe7 Nxe7 26. g4 Ng6 27.
Kh2 Kc7 28. g5 Rd8 29. Rxd8 Kxd8 30. Bf5 Nf4 31. Bc2 Ke7 32. f3 Kf8 33. Bf5 Kg7
34. Bc2 Kf8 35. Bf5 Kg7 36. Bc2 Kf8 37. e3 Nfd3 38. b3 Nc1 39. Kh3 N1xb3 40.
Kxh4 Nd2 41. Kg3 Nc4 42. Kf2 Na3 43. Ne4 Nxe4+ 44. Bxe4 Nc4 45. Ke2 Ke7 46. Bc2
b5 47. f4 Nb6 48. axb5 cxb5 49. Kd3 a4 50. e4 b4 51. f5 b3 52. Bd1 Nd7 53. Kd4
Kd6 54. g6 fxg6 55. fxg6 Nf8 56. e5+ Ke7 57. g7 Ne6+ 58. Kc3 Nxg7 59. Bxb3 axb3
60. Kxb3 1/2-1/2

[Event "Aeroflot Open 2011 B"]
[Site "Moscu RUS"]
[Date "2011.02.12"]
[Round "5.34"]
[White "Poghosyan, Suren"]
[Black "Lushenkov, Mikhail"]
[Result "0-1"]
[WhiteElo "2317"]
[BlackElo "2451"]
[PlyCount "90"]
[EventDate "2011.02.08"]
[EventType "swiss"]
[EventRounds "9"]
[EventCountry "RUS"]
[Source "lmi"]
[SourceDate "2011.02.08"]

1. d4 Nf6 2. Nf3 e6 3. Bg5 c5 4. e3 h6 5. Bh4 cxd4 6. exd4 Be7 7. c4 Qb6 8. Qb3
Qxb3 9. axb3 Nc6 10. Nc3 b6 11. Nb5 O-O 12. Bd3 a6 13. Bg3 Nb4 14. Ke2 Bb7 15.
Bd6 Bxd6 16. Nxd6 Bxf3+ 17. gxf3 Rfd8 18. Ra4 a5 19. c5 bxc5 20. dxc5 Rdb8 21.
Bb5 Ra7 22. Rha1 Rc7 23. Rc1 Ra8 24. Rca1 Nc2 25. Rxa5 Rf8 26. R1a4 Rxc5 27.
Bc4 Rc6 28. Ra6 Nd4+ 29. Kd3 Nxf3 30. b4 Ne5+ 31. Kd4 Nxc4 32. Nxc4 Rcc8 33. b5
Nd5 34. Rd6 Rfd8 35. Ra7 Kf8 36. Ne5 Nc7 37. Rb7 f6 38. Nd3 Ke7 39. Rdb6 Nd5
40. Ra6 Rc2 41. Nc5 Nf4 42. b4 e5+ 43. Ke3 Nd5+ 44. Ke4 Nxb4 45. Re6+ Kf7 0-1

[Event "Aeroflot Open 2011 B"]
[Site "Moscu RUS"]
[Date "2011.02.12"]
[Round "5.35"]
[White "Wang, Jue"]
[Black "Badmatsyrenov, Oleg"]
[Result "0-1"]
[WhiteElo "2252"]
[BlackElo "2449"]
[PlyCount "122"]
[EventDate "2011.02.08"]
[EventType "swiss"]
[EventRounds "9"]
[EventCountry "RUS"]
[Source "lmi"]
[SourceDate "2011.02.08"]

1. e4 c5 2. Nf3 e6 3. d4 cxd4 4. Nxd4 a6 5. Bd3 Ne7 6. O-O Nec6 7. Ne2 Ne5 8.
c3 Nbc6 9. Bc2 Bc5 10. Nd4 Qh4 11. Nf3 Nxf3+ 12. Qxf3 d6 13. Nd2 e5 14. b4 Bb6
15. Nc4 Bc7 16. Ne3 Ne7 17. Bb3 Be6 18. Rd1 O-O 19. Bb2 Rad8 20. c4 f5 21. g3
Qxe4 22. Qxe4 fxe4 23. Bc2 b5 24. cxb5 axb5 25. Bxe4 d5 26. Rac1 Bb6 27. Bd3 d4
28. Ng2 Bxa2 29. Re1 Bc4 30. Rxe5 Bxd3 31. Rxe7 Bc4 32. Rb7 Rb8 33. Rxb6 Rxb6
34. Bxd4 Rb7 35. Ne3 Rd8 36. Be5 Rd2 37. Kg2 Bd5+ 38. Kh3 Bf3 39. Rc5 Rf7 40.
g4 Be2 41. Nf5 h5 42. Nd6 Bxg4+ 43. Kh4 Rfxf2 44. Nxb5 Rd3 45. Nd4 Kh7 46. Rc6
Re3 47. Bg3 Rd2 48. Rd6 Re4 49. Nb5 Rxd6 50. Nxd6 Rxb4 51. Kg5 Be6 52. Bf4 Rd4
53. Ne8 Rd5+ 54. Kh4 g5+ 55. Bxg5 Rd4+ 56. Bf4 Rxf4+ 57. Kxh5 Rf2 58. Kg5 Rf5+
59. Kh4 Kg6 60. Nd6 Rf3 61. Nf5 Bxf5 0-1

[Event "Aeroflot Open 2011 B"]
[Site "Moscu RUS"]
[Date "2011.02.12"]
[Round "5.36"]
[White "Ulibin, Mikhail"]
[Black "Zolotukhin, Valery"]
[Result "1/2-1/2"]
[WhiteElo "2547"]
[BlackElo "2348"]
[PlyCount "120"]
[EventDate "2011.02.08"]
[EventType "swiss"]
[EventRounds "9"]
[EventCountry "RUS"]
[Source "lmi"]
[SourceDate "2011.02.08"]

1. e4 c6 2. d4 d5 3. exd5 cxd5 4. Bd3 Nc6 5. c3 Qc7 6. h3 Nf6 7. Nf3 g6 8. Qc2
Bg7 9. O-O O-O 10. Bg5 e5 11. Nxe5 Nxe5 12. dxe5 Qxe5 13. Be3 Re8 14. Nd2 Qc7
15. Rfe1 Bd7 16. Nf3 Ne4 17. Bd4 Qf4 18. Qc1 Qd6 19. Bxg7 Kxg7 20. Qe3 Qf6 21.
Qd4 Qxd4 22. Nxd4 Nc5 23. Bc2 Ba4 24. Rec1 Bxc2 25. Rxc2 a6 26. Rd1 Rad8 27. f3
h5 28. h4 Rd6 29. Kf2 Rf6 30. Ne2 Ne4+ 31. Kg1 Nd6 32. Nd4 Nc4 33. Rf2 Rf4 34.
b3 Nd6 35. Ne2 Rf6 36. Rxd5 Nf5 37. g3 Rfe6 38. Rd2 b5 39. Kh2 Re3 40. Kg2 R8e7
41. Kh3 Re8 42. Kg2 R8e7 43. Nd4 Rxc3 44. Nxf5+ gxf5 45. Rd5 Kg6 46. g4 hxg4
47. fxg4 fxg4 48. Rg5+ Kh7 49. Rxg4 Rc6 50. Rf5 Rg6 51. Kf3 Rxg4 52. Kxg4 Re2
53. a4 bxa4 54. bxa4 Re4+ 55. Rf4 Rxf4+ 56. Kxf4 Kh6 57. a5 Kh5 58. Kg3 f5 59.
Kf4 Kxh4 60. Kxf5 Kh5 1/2-1/2